Reasoning & Writing Well: A Rhetoric, Research Guide, Reader and Handbook (Record no. 5028)

MARC details
005 - DATE AND TIME OF LATEST TRANSACTION
control field 20250625112825.0
020 ## - INTERNATIONAL STANDARD BOOK NUMBER
International Standard Book Number 0-07-294778-0
082 ## - DEWEY DECIMAL CLASSIFICATION NUMBER
Classification number 808.042 DIE
100 ## - MAIN ENTRY--PERSONAL NAME
Author name DIETSCH, B
245 ## - TITLE STATEMENT
Title Reasoning & Writing Well: A Rhetoric, Research Guide, Reader and Handbook
250 ## - EDITION STATEMENT
Edition statement 3rd Ed.
260 ## - PUBLICATION, DISTRIBUTION, ETC.
Place of publication, distribution, etc. New York
Name of publisher, distributor, etc. McGraw-Hill Irwin
Date of publication, distribution, etc. 2003.
300 ## - PHYSICAL DESCRIPTION
Extent xlvii,732p.: ill.; pictures
Other physical details Index, Glossary
Dimensions 23cm
942 ## - ADDED ENTRY ELEMENTS (KOHA)
Source of classification or shelving scheme Dewey Decimal Classification
Koha item type Books
Holdings
Date last seen Total checkouts Full call number Barcode Price effective from Koha item type Lost status Source of classification or shelving scheme Damaged status Not for loan Withdrawn status Home library Current library Shelving location Date acquired Source of acquisition
06/25/2025   808.042 DIE MZA0002089 06/25/2025 Books   Dewey Decimal Classification       CBE Mwanza CBE Mwanza General Collection 07/31/2017 Library Budget
06/25/2025   808.042 DIE MZA0002090 06/25/2025 Books   Dewey Decimal Classification       CBE Mwanza CBE Mwanza General Collection 07/31/2017 Library Budget